Literacy assessment and instructional strategies connecting to the common core
Gespeichert in:
| 1. Verfasser: | |
|---|---|
| Format: | Buch |
| Sprache: | Englisch |
| Veröffentlicht: |
SAGE
2015
|
| Tags: |
Tag hinzufügen
Keine Tags, Fügen Sie den ersten Tag hinzu!
|
MARC
| LEADER | 00000nam a22000007a 4500 | ||
|---|---|---|---|
| 008 | 201218b ||||| |||| 00| 0 eng d | ||
| 020 | |a 978-1-4129-9658-7 | ||
| 100 | |a GRANT, Kathy B. |a Golden, Sandra E. |a Wilson, Nance S. | ||
| 245 | |a Literacy assessment and instructional strategies |b connecting to the common core |c Kathy B. Grant, Sandra E. Golden, Nance S. Wilson.- |g xxvi, 492p., ill | ||
| 260 | |b SAGE |c 2015 |h Los Angeles |i 691992 |i 691993 |l LB1576 .G76 |m Language arts – Ability testing – United States |m Reading – Ability testing – United States |m Literacy – Evaluation. |m Language arts – Standards – United States. |m Educational tests and measurements – United States | ||
| 500 | |a “It includes bibliographical references and index”. | ||
| 942 | |a lcc |c BK |e O.A.JOHNSON |f 18/12/20 | ||
| 952 | |0 0 |1 0 |2 lcc |4 0 |7 0 |9 759 |a HOL |b ED |c LP |d 2020-12-18 |o LB1576 .G76 |p 2020-229975 |r 2020-12-18 00:00:00 |w 2020-12-18 |y BK | ||
| 952 | |0 0 |1 0 |2 lcc |4 0 |6 LB1576 G76 |7 0 |9 760 |a HOL |b HOL |c LP |d 2020-12-18 |l 0 |o LB1576 .G76 |p 2020-229976 |r 2020-12-18 00:00:00 |w 2020-12-18 |y BK | ||
| 999 | |c 431 |d 431 | ||